00856nam a2200217 4500003000400000005001700004008004100021040001800062050002100080100004600101245006200147264006600209300001800275336002200293337002400315338002400339650004300363650006600406710009000472710007600562OSt20260530115306.0260420b1994 mx a|||| |||| 00| 0 spa d aICIbspacICI aRA9 4.M64 bM4241 aInstituto de Ingeniería UNAM • ISSSTE00a Ultima piedra : bCentro Medico Nacional 20 de noviembre 1b ISSSTE : bUNAM, Instituto de Ingenieria, c1994aMéxico : a206 páginas atexto2rdacontent asin medio2rdamedia avolumen2rdacarrier aCentro Medico Nacional 20 de Noviembre aEdificios sanitarios |x Diseño y construcción z México2 aInstituto de Seguridad y Servicios Sociales de los Trabajadores del Estado (México)2 aUniversidad Nacional Autónoma de México.bInstituto de Ingeniería